[Event "ch-CHN Women 2021"]
[Site "Xinghua CHN"]
[Date "2021.05.09"]
[Round "4.4"]
[White "Zhai, Mo"]
[Black "Ning, Kaiyu"]
[Result "1/2-1/2"]
[WhiteTitle "WGM"]
[BlackTitle "WIM"]
[WhiteElo "2366"]
[BlackElo "2327"]
[WhiteFideId "8600201"]
[BlackFideId "8614750"]
[EventDate "2021.05.07"]

1. d4 Nf6 2. Bg5 d5 3. Nd2 c5 4. e3 Qb6 5. dxc5 Qxb2 6. Ngf3 Qc3 7. Bd3 e6 8.
O-O Bxc5 9. e4 dxe4 10. Nxe4 Nxe4 11. Bxe4 Nd7 12. Rb1 h6 13. Rb3 Qc4 14. Nd2
Qa6 15. Bf4 e5 16. Re1 O-O 17. Bg3 f5 18. Bd5+ Kh8 19. Bxe5 Nxe5 20. Rxe5 Qf6
21. Nf3 Rb8 22. Re1 Bd6 23. c4 f4 24. h3 b6 25. Nd4 Bd7 26. Nb5 Bc5 27. Qd2 a5
28. Nc3 f3 29. Bxf3 Bxh3 30. Nd5 Qg6 31. Nf4 Qg5 32. Re5 Qxf4 33. Qxf4 Rxf4 34.
Rxc5 Be6 35. Rxa5 Rxc4 36. Rb1 bxa5 37. Rxb8+ Kh7 38. Ra8 Ra4 39. Re8 Bf5 40.
Re2 Kg6 41. Bd5 Kf6 42. f3 Rd4 43. Bc6 h5 44. Re3 Rc4 45. Bd5 Ra4 46. Kh2 Kg5
47. Bb3 Rh4+ 48. Kg3 a4 49. Bf7 Rb4 50. Be8 h4+ 51. Kh2 Rb2 52. Bxa4 h3 53. f4+
Kxf4 54. Rf3+ Ke5 55. Rg3 Rxa2 56. Bc6 g6 57. Kg1 Rc2 58. Be8 Kf4 59. Rf3+ Ke4
60. Rg3 Kf4 61. Rf3+ Kg5 62. gxh3 Kh4 63. Bb5 Bxh3 64. Bd3 Rg2+ 65. Kh1 Rd2 66.
Re3 g5 67. Be2 g4 68. Kg1 Rd6 69. Kf2 Rf6+ 70. Kg1 Rf4 71. Re8 Ra4 72. Bxg4 Bxg4
73. Kf2 Ra2+ 74. Ke3 Re2+ 75. Kf4 Rf2+ 76. Ke3 Kg3 77. Rg8 Rf4 78. Rg7 Rf8 79.
Re7 Rf1 80. Rg7 Re1+ 81. Kd2 Re5 82. Kd3 Kf4 83. Kd4 Re1 84. Rf7+ Bf5 85. Rf8
Rd1+ 86. Kc3 Ke5 87. Ra8 Rc1+ 88. Kd2 Rc2+ 89. Ke3 Rc3+ 90. Kd2 Rd3+ 91. Ke2 Kf4
92. Re8 Rd4 93. Rf8 Re4+ 94. Kd2 Rc4 95. Ra8 Rc2+ 96. Kd1 Rb2 97. Ra3 Be4 98.
Kc1 Rc2+ 99. Kd1 Rh2 100. Kc1 Ke5 101. Ra4 Bd3 102. Rg4 Be4 103. Rg8 Kd4 104.
Rd8+ Ke3 105. Rd2 Rh8 106. Ra2 Rb8 107. Re2+ Kd3 108. Rd2+ Kc4 109. Ra2 Rh8 110.
Rf2 Ra8 111. Kb2 Rb8+ 112. Kc1 Rb1+ 113. Kd2 Kd4 114. Rf8 Rb2+ 115. Kc1 Rc2+
116. Kd1 Ke3 117. Rh8 Rc7 118. Re8 Rd7+ 119. Ke1 Rd6 120. Rb8 Rg6 121. Rf8 Bd3
122. Re8+ Be4 123. Kd1 1/2-1/2

[Event "ch-CHN Women 2021"]
[Site "Xinghua CHN"]
[Date "2021.05.09"]
[Round "4.5"]
[White "Yuan, Ye"]
[Black "Wang, Yu A."]
[Result "1-0"]
[BlackTitle "IM"]
[WhiteElo "2081"]
[BlackElo "2294"]
[WhiteFideId "8608415"]
[BlackFideId "8601097"]
[EventDate "2021.05.07"]

1. d4 Nf6 2. c4 c5 3. d5 e6 4. Nc3 exd5 5. cxd5 d6 6. g3 g6 7. Bg2 Bg7 8. Nf3
O-O 9. O-O Re8 10. Re1 a6 11. a4 b6 12. e4 Ra7 13. Bf4 Nh5 14. Bg5 Bf6 15. Bxf6
Nxf6 16. h3 Nbd7 17. Qd3 Ne5 18. Nxe5 dxe5 19. Nb1 Ree7 20. Nd2 Ne8 21. f4 f6
22. Qc3 Nd6 23. b3 Rac7 24. Kh2 Bb7 25. fxe5 Rxe5 26. Nc4 Nxc4 27. bxc4 Qd6 28.
Rab1 h5 29. Qb2 b5 30. axb5 a5 31. b6 Rh7 32. h4 g5 33. Kh1 Rg7 34. Rg1 Ree7 35.
Qf2 a4 36. Rb5 a3 37. Ra5 gxh4 38. gxh4 Rg4 39. Bh3 Rxg1+ 40. Qxg1+ Rg7 41. Be6+
Kh8 42. Qxc5 Qb8 43. Rxa3 f5 44. Rf3 Qa8 45. Rxf5 Qa1+ 46. Kh2 Qb2+ 47. Qf2 1-0

[Event "ch-CHN Women 2021"]
[Site "Xinghua CHN"]
[Date "2021.05.09"]
[Round "4.6"]
[White "Ren, Xiaoyi"]
[Black "Zhu, Jiner"]
[Result "0-1"]
[WhiteTitle "WIM"]
[BlackTitle "WGM"]
[WhiteElo "2267"]
[BlackElo "2459"]
[WhiteFideId "8608709"]
[BlackFideId "8608059"]
[EventDate "2021.05.07"]

1. d4 Nf6 2. c4 e6 3. Nf3 d5 4. Bg5 Bb4+ 5. Nc3 h6 6. Bxf6 Qxf6 7. e3 O-O 8. Qb3
c5 9. a3 dxc4 10. Bxc4 Ba5 11. O-O cxd4 12. exd4 Bxc3 13. bxc3 Nc6 14. Bb5 Bd7
15. Rfe1 Rac8 16. Bd3 b6 17. Ba6 Rc7 18. Re3 Bc8 19. Bf1 Bb7 20. Qa4 Rfc8 21.
Rd1 Ne7 22. c4 Nf5 23. Rc3 Rd8 24. Rcd3 Be4 25. R3d2 Bxf3 26. gxf3 Nxd4 0-1

[Event "ch-CHN Women 2021"]
[Site "Xinghua CHN"]
[Date "2021.05.10"]
[Round "5.1"]
[White "Zhu, Jiner"]
[Black "Gu, Tianlu"]
[Result "1/2-1/2"]
[WhiteTitle "WGM"]
[BlackTitle "WIM"]
[WhiteElo "2459"]
[BlackElo "2267"]
[WhiteFideId "8608059"]
[BlackFideId "8603995"]
[EventDate "2021.05.07"]

1. e4 e5 2. Nf3 Nc6 3. Bb5 a6 4. Ba4 Nf6 5. O-O Be7 6. Re1 b5 7. Bb3 O-O 8. c3
d6 9. d4 Bg4 10. d5 Na5 11. Bc2 c6 12. h3 Bc8 13. dxc6 Qc7 14. Nbd2 Qxc6 15. Nf1
Nc4 16. Qe2 Be6 17. a4 Qc7 18. Ng3 Rfb8 19. Nf5 Bxf5 20. exf5 bxa4 21. Bxa4 Bf8
22. Ra2 h6 23. Nd2 Nb6 24. Bb3 a5 25. Ne4 Be7 26. Nxf6+ Bxf6 27. Be3 a4 28. Bxb6
Rxb6 29. Bxa4 Rba6 30. Rea1 d5 31. Qd3 Qd6 32. g3 e4 33. Qe2 d4 34. cxd4 Bxd4
35. Kg2 Qe5 36. Bb3 Rxa2 37. Rxa2 Rxa2 38. Bxa2 Qxf5 39. Bb1 Qf3+ 40. Qxf3 exf3+
41. Kxf3 Bxb2 1/2-1/2

[Event "ch-CHN Women 2021"]
[Site "Xinghua CHN"]
[Date "2021.05.10"]
[Round "5.2"]
[White "Wang, Yu A."]
[Black "Ren, Xiaoyi"]
[Result "1-0"]
[WhiteTitle "IM"]
[BlackTitle "WIM"]
[WhiteElo "2294"]
[BlackElo "2267"]
[WhiteFideId "8601097"]
[BlackFideId "8608709"]
[EventDate "2021.05.07"]

1. e4 e5 2. Nf3 Nf6 3. d4 Nxe4 4. Bd3 Nc6 5. Bxe4 d5 6. Nxe5 dxe4 7. Nxc6 bxc6
8. O-O Bd6 9. Nc3 Bf5 10. Re1 O-O 11. Nxe4 Re8 12. Nxd6 Qxd6 13. Be3 Qg6 14. c3
Bg4 15. f3 Bh3 16. Qd2 Be6 17. Bf4 Re7 18. Re5 h6 19. Rae1 Rd7 20. b4 Bd5 21.
Bg3 Kh7 22. a4 a5 23. bxa5 f6 24. R5e3 Bc4 25. Qb2 Qf5 26. Qb4 Qd5 27. Qb1+ Kg8
28. Re8+ Rxe8 29. Rxe8+ Kf7 30. Qb8 Qf5 31. Rf8+ Kg6 32. Qe8+ Bf7 33. Qe4 Bc4
34. h4 h5 35. Ra8 c5 36. Qxf5+ Kxf5 37. dxc5 Rd1+ 38. Kf2 Rd2+ 39. Ke3 Rd3+ 40.
Kf2 Rd2+ 41. Ke1 Re2+ 42. Kd1 c6 43. a6 Ra2 44. a7 Rxa4 45. Bc7 Bf1 46. Bb6 Bxg2
47. Rb8 Bxf3+ 48. Ke1 Kg4 49. a8=Q Rxa8 50. Rxa8 Kxh4 51. Rg8 g5 52. Bd8 g4 53.
Bxf6+ Kh3 54. Kf2 1-0

[Event "ch-CHN Women 2021"]
[Site "Xinghua CHN"]
[Date "2021.05.10"]
[Round "5.3"]
[White "Ning, Kaiyu"]
[Black "Yuan, Ye"]
[Result "1-0"]
[WhiteTitle "WIM"]
[WhiteElo "2327"]
[BlackElo "2081"]
[WhiteFideId "8614750"]
[BlackFideId "8608415"]
[EventDate "2021.05.07"]

1. d4 Nf6 2. c4 g6 3. Nc3 d5 4. cxd5 Nxd5 5. e4 Nxc3 6. bxc3 Bg7 7. Nf3 c5 8.
Be3 Qa5 9. Qd2 Nc6 10. Rb1 cxd4 11. cxd4 Qxd2+ 12. Kxd2 O-O 13. d5 Rd8 14. Bd3
Na5 15. Ke2 e6 16. Bg5 f6 17. Bd2 b6 18. Bxa5 bxa5 19. Bc4 exd5 20. Bxd5+ Kh8
21. Bxa8 Ba6+ 22. Ke1 Rxa8 23. Kd2 Rd8+ 24. Kc3 Rc8+ 25. Kd4 Rd8+ 26. Kc5 Bd3
27. Rbd1 Bf8+ 28. Kc6 Bxe4+ 29. Kc7 Rxd1 30. Rxd1 Bc5 31. Nd4 Bxg2 32. Ne6 Bb6+
33. Kd6 h5 34. Ke7 Kh7 35. Kxf6 Kh6 36. Ng5 Bc6 37. f4 a4 38. h4 Bb5 39. Rd5 a6
40. Rxb5 axb5 41. Kf7 1-0

[Event "ch-CHN Women 2021"]
[Site "Xinghua CHN"]
[Date "2021.05.10"]
[Round "5.4"]
[White "Li, Xueyi"]
[Black "Zhai, Mo"]
[Result "0-1"]
[WhiteTitle "WGM"]
[BlackTitle "WGM"]
[WhiteElo "2328"]
[BlackElo "2366"]
[WhiteFideId "8605912"]
[BlackFideId "8600201"]
[EventDate "2021.05.07"]

1. d4 Nf6 2. Nf3 b6 3. g3 Bb7 4. Bg2 g6 5. c4 Bg7 6. Nc3 O-O 7. O-O Ne4 8. Nxe4
Bxe4 9. Bg5 d6 10. Qd2 Bb7 11. Bh6 Nd7 12. Bxg7 Kxg7 13. d5 c5 14. e4 a6 15.
Rfe1 b5 16. e5 Nb6 17. Qc3 b4 18. Qc1 a5 19. Re4 Rh8 20. Rf4 f6 21. exf6+ exf6
22. Qd2 Nd7 23. Re1 Rf8 24. Rfe4 Rf7 25. Bh3 Nf8 26. Be6 Nxe6 27. Rxe6 Qc7 28.
Qe3 Rd8 29. Re7 Rd7 30. Rxf7+ Rxf7 31. Nh4 Bc8 32. Ng2 g5 33. Qe4 Qd8 34. h4 h6
35. b3 Bd7 36. Ne3 f5 37. Qf3 gxh4 38. Ng2 hxg3 39. fxg3 Qg5 40. Nf4 Kh7 41. Kf2
Re7 42. Re3 Qf6 43. Qe2 Qd4 44. Ng2 a4 45. Ke1 Rxe3 46. Nxe3 axb3 47. axb3 Qc3+
48. Kf2 Qxb3 49. Ng4 Qc3 50. Qe7+ Qg7 51. Nf6+ Kg6 52. Qxd6 Qxf6 53. Qxd7 Kg5
54. Qe8 Qd4+ 55. Kf3 Qd3+ 56. Kf2 Qc2+ 57. Kf3 Qc3+ 58. Kf2 Qc2+ 59. Kf3 Qc3+
60. Kf2 Qf6 61. Qg8+ Kh5 62. Qe8+ Kg4 63. Qe2+ Kg5 64. Qe8 f4 65. Qg8+ Kh5 66.
Qe8+ Kg4 67. Qe6+ Qf5 68. gxf4 b3 69. Qg8+ Kxf4 70. Qg3+ Ke4+ 71. Ke2 Qh5+ 72.
Kd2 b2 73. Qe3+ Kf5 74. Qe6+ Kg5 75. Qe5+ Kg4 76. Qe2+ Kg5 77. Qe3+ Kf5 78. Kc2
b1=Q+ 79. Kxb1 Qd1+ 80. Ka2 Qa4+ 81. Kb1 Qb4+ 82. Ka1 Qxc4 83. Qe6+ Kg5 84. Qe5+
Kg4 85. d6 Qc1+ 86. Ka2 Qc2+ 87. Ka1 Qc1+ 88. Ka2 Qd2+ 89. Kb3 Qd3+ 90. Ka2 Qc2+
91. Qb2 Qc4+ 92. Kb1 Qd3+ 93. Kc1 Qxd6 94. Qg2+ Kf5 95. Qh3+ Kg5 96. Qg2+ Kf6
97. Qf3+ Ke7 98. Qe4+ Qe6 99. Qh7+ Kd6 100. Qd3+ Kc7 101. Qh7+ Kc6 102. Qh8 Qe3+
103. Kc2 Qe4+ 104. Kc3 Qb4+ 105. Kc2 Qc4+ 106. Kb1 Qb3+ 107. Kc1 Qe3+ 108. Kc2
Kd5 109. Qg8+ Kd4 110. Qg7+ Ke4 111. Qg4+ Qf4 112. Qe2+ Kd4 113. Qd3+ Ke5 114.
Qc3+ Kd6 115. Qd3+ Kc7 116. Qh7+ Kb6 117. Qg6+ Ka5 118. Qh7 c4 119. Qa7+ Kb5
120. Qb7+ Kc5 121. Qc8+ Kd4 122. Qd7+ Ke3 123. Qd2+ Kf3 124. Qd1+ Kf2 125. Qd5
Kg1 126. Qd1+ Qf1 127. Qh5 Qd3+ 128. Kc1 Qe3+ 129. Kc2 c3 130. Qg6+ Kf1 131. Kb3
Kf2 132. Qf5+ Qf3 133. Qc2+ Ke1 134. Qg6 h5 135. Qg1+ Ke2 136. Qh2+ Kf1 137. Qd6
h4 138. Qa6+ Qe2 139. Qf6+ Qf2 140. Qa6+ Kg1 141. Qg6+ Kh2 142. Qd6+ Qg3 0-1

[Event "ch-CHN Women 2021"]
[Site "Xinghua CHN"]
[Date "2021.05.10"]
[Round "5.5"]
[White "Gu, Xiaobing"]
[Black "Xiao, Yiyi"]
[Result "0-1"]
[WhiteTitle "WGM"]
[BlackTitle "WGM"]
[WhiteElo "2263"]
[BlackElo "2301"]
[WhiteFideId "8602611"]
[BlackFideId "8606161"]
[EventDate "2021.05.07"]

1. e4 c6 2. d4 d5 3. exd5 cxd5 4. c4 Nc6 5. Nc3 e5 6. cxd5 Nxd4 7. Nf3 Bg4 8.
Be2 Nxe2 9. Qxe2 Bd6 10. h3 Bxf3 11. Qxf3 Ne7 12. O-O O-O 13. Ne4 Qd7 14. Rd1 f5
15. Ng5 h6 16. Ne6 Rf6 17. b4 Bxb4 18. Bb2 Bd6 19. Rac1 Rc8 20. Rxc8+ Qxc8 21.
Qb3 Rg6 22. Rc1 Qd7 23. Nc5 Bxc5 24. Rxc5 Rb6 25. Qc3 Ng6 26. f4 Nxf4 27. Qxe5
Rxb2 28. Qxf4 b6 29. Qb8+ Kh7 30. Rc8 Qe7 31. Kh2 Re2 32. Rh8+ Kg6 33. Qg3+ Qg5
34. Qf3 Re3 35. Qf2 f4 36. h4 Qe5 37. Rf8 f3+ 38. Qg3+ Qxg3+ 39. Kxg3 fxg2+ 40.
Kxg2 Rd3 41. Ra8 Rxd5 42. Rxa7 Ra5 43. h5+ Rxh5 44. Ra6 Rb5 45. a4 Rb2+ 46. Kg3
Kf5 47. Ra7 Rb3+ 48. Kg2 g5 49. Rh7 Kg6 50. Rb7 Rb4 51. Kg3 h5 52. Kh3 h4 53.
Rb8 Rxa4 54. Rxb6+ Kh5 55. Rb8 g4+ 56. Kg2 Ra2+ 57. Kg1 h3 58. Rb5+ Kh4 59. Rb4
Rg2+ 60. Kh1 Re2 61. Ra4 Kg3 62. Ra3+ Kf4 63. Ra8 Kf3 64. Ra3+ Re3 65. Ra1 g3
66. Rf1+ Kg4 67. Ra1 Rd3 68. Kg1 h2+ 0-1

[Event "ch-CHN Women 2021"]
[Site "Xinghua CHN"]
[Date "2021.05.10"]
[Round "5.6"]
[White "Song, Yuxin"]
[Black "Tan, Zhongyi"]
[Result "0-1"]
[WhiteTitle "WIM"]
[BlackTitle "GM"]
[WhiteElo "2290"]
[BlackElo "2510"]
[WhiteFideId "8614300"]
[BlackFideId "8603642"]
[EventDate "2021.05.07"]

1. e4 Nf6 2. e5 Nd5 3. d4 d6 4. Nf3 Nc6 5. c4 Nb6 6. exd6 exd6 7. Be2 Be7 8. h3
O-O 9. O-O Bf6 10. Nc3 Re8 11. Bf4 h6 12. b3 Bf5 13. Rc1 a5 14. a3 Ne7 15. d5
Nd7 16. Be3 Nc5 17. a4 Bh7 18. Bxc5 dxc5 19. Bd3 Bf5 20. Bxf5 Nxf5 21. Qd3 Nd6
22. Rfe1 Qd7 23. Ne4 Nxe4 24. Rxe4 Rxe4 25. Qxe4 Re8 26. Qd3 Qd6 27. Re1 Rxe1+
28. Nxe1 Qe5 29. Nf3 Qa1+ 30. Qf1 Qb2 31. Qd1 b6 32. g3 Bd4 33. Nxd4 cxd4 34.
Kf1 Kf8 35. Qd3 g6 36. g4 Kg7 37. Ke1 Kf6 38. Qf3+ Ke7 39. Qe4+ Kd7 40. Qd3 Qc1+
41. Ke2 Qb2+ 42. Ke1 Qc1+ 43. Ke2 Qf4 44. Qf3 Qe5+ 45. Kd3 f5 46. gxf5 gxf5 47.
Qg2 Kd6 48. b4 axb4 49. Qg6+ Kd7 50. Qc6+ Kd8 51. Qxh6 b3 52. f3 Qe3+ 53. Qxe3
dxe3 0-1

[Event "ch-CHN Women 2021"]
[Site "Xinghua CHN"]
[Date "2021.05.11"]
[Round "6.1"]
[White "Gu, Tianlu"]
[Black "Tan, Zhongyi"]
[Result "0-1"]
[WhiteTitle "WIM"]
[BlackTitle "GM"]
[WhiteElo "2267"]
[BlackElo "2510"]
[WhiteFideId "8603995"]
[BlackFideId "8603642"]
[EventDate "2021.05.07"]

1. e4 e5 2. Nf3 Nf6 3. Nc3 Bb4 4. Bc4 d6 5. a3 Bxc3 6. dxc3 Nbd7 7. Be3 O-O 8.
Qd3 b6 9. O-O-O Qe7 10. Nh4 Nc5 11. Bxc5 bxc5 12. Rhe1 Rb8 13. g3 Be6 14. Bd5 a5
15. a4 Rfd8 16. b3 Nd7 17. Bxe6 fxe6 18. c4 Rf8 19. Qd2 Rb4 20. Ng2 Nb8 21. Kb2
Qf6 22. c3 Rb7 23. Re2 Nd7 24. Ka2 Rfb8 25. Rb1 Nb6 26. Ree1 Qf3 27. Nh4 Qg4 28.
f4 exf4 29. Qxf4 Qh5 30. Rf1 Nd7 31. g4 Qe8 32. g5 Ne5 33. g6 hxg6 34. Qd2 Rxb3 0-1

[Event "ch-CHN Women 2021"]
[Site "Xinghua CHN"]
[Date "2021.05.11"]
[Round "6.2"]
[White "Xiao, Yiyi"]
[Black "Song, Yuxin"]
[Result "1/2-1/2"]
[WhiteTitle "WGM"]
[BlackTitle "WIM"]
[WhiteElo "2301"]
[BlackElo "2290"]
[WhiteFideId "8606161"]
[BlackFideId "8614300"]
[EventDate "2021.05.07"]

1. e4 c5 2. g3 d5 3. exd5 Qxd5 4. Nf3 Bg4 5. Bg2 Qe6+ 6. Kf1 Nc6 7. h3 Bxf3 8.
Bxf3 Nf6 9. d3 Qd7 10. Na3 e6 11. Nc4 Be7 12. Bf4 Nd5 13. Ne5 Nxe5 14. Bxe5 f6
15. Bc3 Nxc3 16. bxc3 O-O 17. Qe2 Rad8 18. Re1 e5 19. c4 Bd6 20. Kg2 f5 21. a4
b6 22. Bd5+ Kh8 23. Ra1 a5 24. c3 Rde8 25. Rhe1 e4 26. dxe4 f4 27. Qg4 Qxg4 28.
hxg4 fxg3 29. f3 Be5 30. Rh1 g6 31. Rab1 Rb8 32. Rh3 Kg7 33. Rbh1 Rh8 34. g5 Bf4
35. Rh4 Bxg5 36. Rg4 Bd2 37. Rxg3 Bf4 38. Rgh3 h5 39. Kf2 Kf6 40. Ke2 1/2-1/2

[Event "ch-CHN Women 2021"]
[Site "Xinghua CHN"]
[Date "2021.05.11"]
[Round "6.3"]
[White "Zhai, Mo"]
[Black "Gu, Xiaobing"]
[Result "1-0"]
[WhiteTitle "WGM"]
[BlackTitle "WGM"]
[WhiteElo "2366"]
[BlackElo "2263"]
[WhiteFideId "8600201"]
[BlackFideId "8602611"]
[EventDate "2021.05.07"]

1. d4 Nf6 2. Nf3 g6 3. Bf4 Bg7 4. e3 d6 5. h3 O-O 6. c3 c5 7. Nbd2 b6 8. Bc4 Ba6
9. O-O Bxc4 10. Nxc4 cxd4 11. exd4 Nd5 12. Bg3 b5 13. Ncd2 Nb6 14. Qe2 Qd7 15.
Rfe1 Re8 16. Ne4 Rc8 17. h4 Qf5 18. Bh2 Nc6 19. Ng3 Qd5 20. a3 a5 21. Nf1 b4 22.
Ne3 Qb3 23. axb4 axb4 24. Rxa8 Rxa8 25. Qb5 Qxb2 26. Qxb6 Ra1 27. Qxc6 Rxe1+ 28.
Nxe1 Qc1 29. Qc8+ Bf8 30. Kf1 b3 31. Bf4 b2 32. Bh6 Qxe1+ 33. Kxe1 b1=Q+ 34. Kd2 1-0

[Event "ch-CHN Women 2021"]
[Site "Xinghua CHN"]
[Date "2021.05.11"]
[Round "6.4"]
[White "Yuan, Ye"]
[Black "Li, Xueyi"]
[Result "1/2-1/2"]
[BlackTitle "WGM"]
[WhiteElo "2081"]
[BlackElo "2328"]
[WhiteFideId "8608415"]
[BlackFideId "8605912"]
[EventDate "2021.05.07"]

1. d4 d5 2. c4 e6 3. Nf3 c6 4. Nc3 Nf6 5. e3 Nbd7 6. Qc2 Bd6 7. Bd3 O-O 8. O-O
dxc4 9. Bxc4 b5 10. Be2 Bb7 11. e4 e5 12. dxe5 Nxe5 13. Nh4 Bc8 14. Nf5 Bxf5 15.
exf5 Qe7 16. Bg5 h6 17. Bh4 Ned7 18. Bf3 Qe5 19. g3 Qc5 20. Rac1 Rac8 21. Ne4
Qxc2 22. Rxc2 Nxe4 23. Bxe4 Nc5 24. Bg2 Rfe8 25. b4 Ne4 26. Re1 Nf6 27. Rxe8+
Rxe8 28. Bxc6 Re1+ 29. Kg2 Bxb4 30. Bxf6 gxf6 31. Bxb5 Re5 32. Bd3 Rc5 33. Rxc5 1/2-1/2

[Event "ch-CHN Women 2021"]
[Site "Xinghua CHN"]
[Date "2021.05.11"]
[Round "6.5"]
[White "Ren, Xiaoyi"]
[Black "Ning, Kaiyu"]
[Result "1-0"]
[WhiteTitle "WIM"]
[BlackTitle "WIM"]
[WhiteElo "2267"]
[BlackElo "2327"]
[WhiteFideId "8608709"]
[BlackFideId "8614750"]
[EventDate "2021.05.07"]

1. d4 Nf6 2. c4 e6 3. Nf3 d5 4. Bg5 dxc4 5. e4 b5 6. a4 c6 7. axb5 cxb5 8. e5 h6
9. Bh4 g5 10. Nxg5 hxg5 11. Bxg5 Nbd7 12. Qf3 Rb8 13. exf6 Bb7 14. Qf4 Nb6 15.
Nc3 Bb4 16. Qe5 Nd7 17. Qg3 Rg8 18. Be2 Qb6 19. h4 Bd6 20. Qe3 Bxg2 21. Rg1 Ba8
22. Bh5 Nf8 23. O-O-O b4 24. Ne4 Bxe4 25. Qxe4 c3 26. d5 Qxf2 27. Rg2 Qf5 28.
Qxf5 exf5 29. Re1+ Kd7 30. Bxf7 Rh8 31. bxc3 bxc3 32. Ra2 Bc5 33. Kc2 Nh7 34.
Be6+ Kd8 35. Bf4 Rb4 36. Be5 Nf8 37. Bxc3 Rbxh4 38. Bxf5 Kc7 39. Be5+ Kb7 40.
Rb2+ Bb6 41. f7 R8h5 42. Rf1 Rg5 43. Bd6 Rg2+ 44. Kb1 Rxb2+ 45. Kxb2 Bd4+ 46.
Kb3 Bg7 47. Rg1 Bh6 48. Rg8 Rh5 49. Be6 Nh7 50. Rb8+ 1-0

[Event "ch-CHN Women 2021"]
[Site "Xinghua CHN"]
[Date "2021.05.11"]
[Round "6.6"]
[White "Zhu, Jiner"]
[Black "Wang, Yu A."]
[Result "1/2-1/2"]
[WhiteTitle "WGM"]
[BlackTitle "IM"]
[WhiteElo "2459"]
[BlackElo "2294"]
[WhiteFideId "8608059"]
[BlackFideId "8601097"]
[EventDate "2021.05.07"]

1. e4 e5 2. Nf3 Nc6 3. Bb5 a6 4. Ba4 Nf6 5. O-O Nxe4 6. d4 b5 7. Bb3 d5 8. dxe5
Be6 9. Qe2 Nc5 10. Rd1 Nxb3 11. axb3 Be7 12. c4 b4 13. Bg5 Bxg5 14. cxd5 Bxd5
15. Nxg5 Qxg5 16. Rxd5 O-O 17. Nd2 Rad8 18. Nf3 Qf5 19. Rxd8 Rxd8 20. h3 a5 21.
Rc1 Nd4 22. Nxd4 Rxd4 23. Rxc7 h6 24. f3 Qd3 25. Qf2 Qb1+ 26. Kh2 Rd1 27. Rc2
Rf1 28. Qc5 Rh1+ 29. Kg3 Qe1+ 30. Kg4 g6 31. Qd4 Qd1 32. Rd2 Qxb3 33. Qe4 Rd1
34. Rxd1 Qxd1 35. Qa8+ Kg7 36. Qxa5 Qd4+ 37. Kg3 Qxb2 38. e6 fxe6 39. Qc7+ Kf6
40. Qd8+ Kf7 41. Qd7+ Kf6 42. Qd8+ 1/2-1/2

[Event "ch-CHN Women 2021"]
[Site "Xinghua CHN"]
[Date "2021.05.12"]
[Round "7.1"]
[White "Wang, Yu A."]
[Black "Gu, Tianlu"]
[Result "1/2-1/2"]
[WhiteTitle "IM"]
[BlackTitle "WIM"]
[WhiteElo "2294"]
[BlackElo "2267"]
[WhiteFideId "8601097"]
[BlackFideId "8603995"]
[EventDate "2021.05.07"]

1. e4 c5 2. Nf3 d6 3. d4 cxd4 4. Nxd4 Nf6 5. Nc3 Nc6 6. Nxc6 bxc6 7. Bd3 e5 8.
O-O Be7 9. Kh1 O-O 10. f4 exf4 11. Bxf4 Qa5 12. Qd2 Qh5 13. Rae1 Ng4 14. Be2 Qg6
15. Bc4 Be6 16. Bxe6 fxe6 17. Bxd6 Bxd6 18. Qxd6 Nf2+ 19. Kg1 Nh3+ 20. Kh1 Nf2+
21. Kg1 Nh3+ 22. Kh1 Nf2+ 1/2-1/2

[Event "ch-CHN Women 2021"]
[Site "Xinghua CHN"]
[Date "2021.05.12"]
[Round "7.2"]
[White "Ning, Kaiyu"]
[Black "Zhu, Jiner"]
[Result "1-0"]
[WhiteTitle "WIM"]
[BlackTitle "WGM"]
[WhiteElo "2327"]
[BlackElo "2459"]
[WhiteFideId "8614750"]
[BlackFideId "8608059"]
[EventDate "2021.05.07"]

1. d4 Nf6 2. c4 e6 3. g3 d5 4. Bg2 Bb4+ 5. Bd2 Be7 6. Nf3 O-O 7. O-O c6 8. Qc2
b6 9. Ne5 Bb7 10. Rd1 Nbd7 11. Bf4 Rc8 12. Nc3 Nxe5 13. dxe5 Nh5 14. Be3 f5 15.
cxd5 cxd5 16. Qa4 a6 17. Qb3 b5 18. Bd4 Qe8 19. Rac1 g5 20. Na4 Rf7 21. Nc5 Bxc5
22. Rxc5 Rxc5 23. Bxc5 Ng7 24. Rc1 h5 25. f4 Qd8 26. Qe3 gxf4 27. Qxf4 h4 28.
Qxh4 Qxh4 29. gxh4 Nh5 30. Be3 d4 31. Bg5 Bxg2 32. Rc8+ Kg7 33. Kxg2 Rd7 34. Re8
Kf7 35. Rh8 Ng7 36. Bf6 Kg6 37. Rg8 1-0

[Event "ch-CHN Women 2021"]
[Site "Xinghua CHN"]
[Date "2021.05.12"]
[Round "7.3"]
[White "Li, Xueyi"]
[Black "Ren, Xiaoyi"]
[Result "1-0"]
[WhiteTitle "WGM"]
[BlackTitle "WIM"]
[WhiteElo "2328"]
[BlackElo "2267"]
[WhiteFideId "8605912"]
[BlackFideId "8608709"]
[EventDate "2021.05.07"]

1. Nf3 c5 2. g3 Nc6 3. Bg2 e5 4. d3 d5 5. O-O Be7 6. c4 dxc4 7. dxc4 Qxd1 8.
Rxd1 Be6 9. Na3 a6 10. h3 h6 11. Be3 Nf6 12. Nd2 Rc8 13. Ndb1 O-O 14. Nc3 Nd4
15. b3 Rc7 16. Bd2 e4 17. Rac1 Rd7 18. Nc2 Bf5 19. Ne3 Bg6 20. Kf1 Rfd8 21. Ncd5
Nxd5 22. Nxd5 Bg5 23. Bxg5 hxg5 24. Nc3 f5 25. g4 Ne6 26. Rxd7 Rxd7 27. gxf5
Bxf5 28. Nxe4 g4 29. Ng3 Bg6 30. Bd5 Bf7 31. hxg4 Nf4 32. Bxf7+ Kxf7 33. e3 Ng6
34. Ke2 Ne5 35. f3 Rd8 36. Rh1 b6 37. Ne4 a5 38. Nc3 Rd6 39. g5 Kg6 40. f4 Nc6
41. Rd1 Re6 42. Kf3 Nb4 43. e4 Nc2 44. f5+ 1-0

[Event "ch-CHN Women 2021"]
[Site "Xinghua CHN"]
[Date "2021.05.12"]
[Round "7.4"]
[White "Gu, Xiaobing"]
[Black "Yuan, Ye"]
[Result "1-0"]
[WhiteTitle "WGM"]
[WhiteElo "2263"]
[BlackElo "2081"]
[WhiteFideId "8602611"]
[BlackFideId "8608415"]
[EventDate "2021.05.07"]

1. e4 e6 2. d4 d5 3. exd5 exd5 4. Nf3 Bd6 5. c4 dxc4 6. Bxc4 Nf6 7. Nc3 O-O 8.
O-O h6 9. Qc2 Nc6 10. h3 a6 11. Rd1 b5 12. Bf1 Nb4 13. Qb1 Bb7 14. Nh4 Nfd5 15.
Nf5 Nxc3 16. bxc3 Nd5 17. Qe4 Qf6 18. Bd3 Rfe8 19. Qg4 Kh8 20. Bd2 Nb6 21. Ng3
Bxg3 22. Qxg3 Qc6 23. Bf4 g5 24. Bd2 Nc4 25. Bxc4 bxc4 26. Re1 f6 27. f3 Kg7 28.
h4 Kg6 29. Qh3 Qd5 30. Qg3 Qc6 31. Kf2 Qd6 32. Qh3 Rxe1 33. Rxe1 Bc8 34. g4 Bb7
35. f4 gxf4 36. g5 h5 37. Re6 Bc8 38. Rxd6 Bxh3 39. Rxf6+ Kg7 40. Rc6 Rf8 41.
Rxc7+ Kg6 42. Rxc4 Kf5 43. d5 Ke5 44. Rd4 f3 45. Be3 Bg4 46. c4 Rc8 47. d6 Ke6
48. c5 Kd7 49. Rb4 a5 50. Rb7+ Kc6 51. Rb6+ Kd7 52. g6 Rg8 53. g7 Be6 54. Rb7+
Kc8 55. c6 1-0

[Event "ch-CHN Women 2021"]
[Site "Xinghua CHN"]
[Date "2021.05.12"]
[Round "7.5"]
[White "Song, Yuxin"]
[Black "Zhai, Mo"]
[Result "1-0"]
[WhiteTitle "WIM"]
[BlackTitle "WGM"]
[WhiteElo "2290"]
[BlackElo "2366"]
[WhiteFideId "8614300"]
[BlackFideId "8600201"]
[EventDate "2021.05.07"]

1. e4 c5 2. Nf3 Nc6 3. Bb5 d5 4. exd5 Qxd5 5. Nc3 Qe6+ 6. Qe2 Qxe2+ 7. Nxe2 Bd7
8. O-O f6 9. d4 cxd4 10. Nfxd4 Nxd4 11. Nxd4 e5 12. Re1 O-O-O 13. Bxd7+ Rxd7 14.
Ne6 Bb4 15. c3 Re7 16. Nxg7 Bxc3 17. bxc3 Rxg7 18. f4 Ne7 19. fxe5 fxe5 20. Rxe5
Rhg8 21. g3 Nc6 22. Re4 Rd8 23. Bf4 Rd5 24. Rae1 Rd3 25. R4e3 Rd5 26. Kf2 a6 27.
Re6 Kd7 28. Rf6 h5 29. c4 Rd4 30. c5 h4 31. Rb1 hxg3+ 32. hxg3 Na5 33. Rb2 Rd5
34. Bd2 Rh7 35. Kg2 Rdh5 36. Kf3 Ke7 37. Rfb6 Nc4 38. Rxb7+ Ke6 39. Rxh7 Rxh7
40. Rc2 Kd5 41. Be3 Rf7+ 42. Ke2 Re7 43. Rc3 Rb7 44. Rb3 Rh7 45. Rd3+ Kc6 46.
Bg1 Rb7 47. Bd4 Rh7 48. g4 Rh2+ 49. Kf3 Rxa2 50. g5 Nd2+ 51. Kf4 Nf1 52. g6 Rg2
53. g7 Kd5 54. Ba1+ 1-0